[Event "Reykjavik Open 2024"]
[Site "Reykjavik ISL"]
[Date "2024.03.20"]
[Round "8.12"]
[White "Garifullina, Leya"]
[Black "Ivanchuk, Vasyl"]
[Result "1-0"]
[WhiteTitle "IM"]
[BlackTitle "GM"]
[WhiteElo "2413"]
[BlackElo "2625"]
[WhiteFideId "34127035"]
[BlackFideId "14100010"]
[EventDate "2024.03.15"]

1. e4 e5 2. Nf3 Nc6 3. Bb5 a6 4. Ba4 g6 5. d4 b5 6. Bb3 exd4 7. c3 Bg7 8. cxd4
Nge7 9. d5 Na5 10. Bd2 c5 11. Bc3 Bxc3+ 12. bxc3 d6 13. Nbd2 f6 14. O-O g5 15.
e5 dxe5 16. Ne4 Ng6 17. Nxc5 Qb6 18. Ne4 O-O 19. d6+ Kg7 20. d7 Bb7 21. Qd6 Qc6
22. Qxc6 Bxc6 23. Nc5 Nf4 24. Rfd1 Nb7 25. Nxb7 Bxb7 26. Rd2 Rfd8 27. Ne1 Bc6
28. Rd6 Bxd7 29. Rad1 Ra7 30. R1d2 Ng6 31. Nd3 Rc8 32. Nb4 Nf8 33. Nxa6 Rxc3 34.
h3 h5 35. Nb4 h4 36. Kh2 Rc5 37. Rb6 Bf5 38. Rd8 Rc8 39. Rdd6 Nd7 40. Rxb5 Nc5
41. Nc6 Rd7 42. Rxc5 Rxd6 43. Ne7 1-0

[Event "Reykjavik Open 2024"]
[Site "Reykjavik ISL"]
[Date "2024.03.20"]
[Round "8.13"]
[White "Cornette, Matthieu"]
[Black "Jacobsen, Mikkel Manosri"]
[Result "1/2-1/2"]
[WhiteTitle "GM"]
[BlackTitle "FM"]
[WhiteElo "2575"]
[BlackElo "2367"]
[WhiteFideId "620084"]
[BlackFideId "1444514"]
[EventDate "2024.03.15"]

1. e4 c6 2. d4 d5 3. e5 Bf5 4. h4 h5 5. c4 e6 6. Nc3 dxc4 7. Bxc4 Nd7 8. Nge2
Be7 9. g3 b5 10. Bb3 b4 11. Nb1 Nh6 12. O-O g5 13. hxg5 Bxg5 14. Bxg5 Qxg5 15.
Qc1 Qxc1 16. Rxc1 Bg4 17. Bd1 Nf5 18. Rc4 Rb8 19. Nd2 Nb6 20. Rc5 Bxe2 21. Bxe2
Nxd4 22. Bf3 Nd7 23. Bxc6 Rc8 24. Bxd7+ Kxd7 25. Ra5 Nc6 26. Ra6 Nxe5 27. Rxa7+
Rc7 28. Ra5 Nd3 29. Nf3 Rhc8 30. Ne5+ 1/2-1/2

[Event "Reykjavik Open 2024"]
[Site "Reykjavik ISL"]
[Date "2024.03.20"]
[Round "8.14"]
[White "Sanal, Vahap"]
[Black "Ruiz Buendia, Miguel"]
[Result "1-0"]
[WhiteTitle "GM"]
[BlackTitle "FM"]
[WhiteElo "2558"]
[BlackElo "2366"]
[WhiteFideId "6300545"]
[BlackFideId "24537675"]
[EventDate "2024.03.15"]

1. Nf3 d5 2. e3 Nf6 3. b3 Bf5 4. Bb2 e6 5. Be2 h6 6. c4 Nbd7 7. cxd5 exd5 8. d3
Bd6 9. Nbd2 O-O 10. O-O Re8 11. Re1 Bg6 12. a3 Ne5 13. Nxe5 Bxe5 14. Bxe5 Rxe5
15. Nf3 Re7 16. b4 Ne8 17. Qb3 a6 18. a4 c6 19. Rec1 Bh5 20. Nd4 Bxe2 21. Nxe2
Nd6 22. Nd4 Rc7 23. Rc5 Qd7 24. Rac1 Rac8 25. Qa3 Nf5 26. Nxf5 Qxf5 27. b5 axb5
28. axb5 Qe5 29. Qa5 Qd6 30. g3 h5 31. h4 g6 32. Qc3 Qe6 33. Kg2 Kh7 34. Rc2 Kg8
35. Qd4 Kh7 36. Qc3 Kg8 37. Qd4 Kh7 38. Ra2 Kg8 39. Ra4 Kh7 40. Ra7 b6 41. Rxc6
Qxc6 42. bxc6 Rxa7 43. Qxd5 Rac7 44. Qb3 Kg8 45. Qxb6 Rxc6 46. Qd4 Rc1 47. Qf4
R8c2 48. d4 Rd1 49. Qb8+ Kg7 50. Qe5+ Kg8 51. e4 Rcd2 52. d5 Rd3 53. Qb8+ Kg7
54. Qf4 Kg8 55. Qe5 Rd4 56. Kf3 R1d2 57. Qb8+ Kg7 58. Qe5+ Kg8 59. Qf4 R4d3+ 60.
Kg2 Rd1 61. g4 hxg4 62. Qxg4 Kf8 63. h5 gxh5 64. Qxh5 Kg7 65. Qg5+ Kf8 66. Qf6
Kg8 67. f3 R1d2+ 68. Kg3 Rd1 69. Qg5+ Kf8 70. Qh6+ Kg8 71. Qg5+ Kf8 72. Kf4 Ke8
73. Qh5 Rf1 74. Qh3 Rfd1 75. Ke5 Ke7 76. Qh4+ Ke8 77. Kd6 f5 78. Qe7# 1-0

[Event "Reykjavik Open 2024"]
[Site "Reykjavik ISL"]
[Date "2024.03.20"]
[Round "8.15"]
[White "Lu, Maximillian"]
[Black "Galperin, Platon"]
[Result "1/2-1/2"]
[WhiteTitle "IM"]
[BlackTitle "GM"]
[WhiteElo "2375"]
[BlackElo "2555"]
[WhiteFideId "2096242"]
[BlackFideId "14165414"]
[EventDate "2024.03.15"]

1. d4 Nf6 2. c4 g6 3. Nf3 Bg7 4. g3 O-O 5. Bg2 d6 6. Nc3 Nbd7 7. O-O e5 8. h3
Re8 9. e4 exd4 10. Nxd4 Nc5 11. Re1 h6 12. Rb1 a5 13. Ndb5 Bd7 14. Qc2 Bxb5 15.
cxb5 Nfd7 16. Be3 h5 17. Rbd1 h4 18. g4 g5 19. Qc1 Bxc3 20. bxc3 Ne6 21. e5 Nxe5
22. Bxb7 Rb8 23. Bd5 Qf6 24. Rf1 Rxb5 25. c4 Rb2 26. f4 gxf4 27. Bxf4 Reb8 28.
Bh2 Qg7 29. Qe3 Qg5 30. Qc3 Rxa2 31. Rf5 Qh6 32. Bxe5 dxe5 33. Qxe5 Rd2 34. Rxd2
Qxd2 35. Bxe6 Rb1+ 36. Rf1 Rxf1+ 37. Kxf1 Qd1+ 38. Kf2 Qd2+ 39. Kf3 Qd3+ 40. Kg2
Qd2+ 41. Kf3 Qd3+ 42. Kg2 Qd2+ 1/2-1/2

[Event "Reykjavik Open 2024"]
[Site "Reykjavik ISL"]
[Date "2024.03.20"]
[Round "8.16"]
[White "Prraneeth, Vuppala"]
[Black "Thorfinnsson, Bjorn"]
[Result "1-0"]
[WhiteTitle "GM"]
[BlackTitle "IM"]
[WhiteElo "2506"]
[BlackElo "2353"]
[WhiteFideId "46622373"]
[BlackFideId "2300982"]
[EventDate "2024.03.15"]

1. e4 e5 2. Nf3 Nf6 3. Nxe5 Nxe4 4. Qe2 Qe7 5. Qxe4 d6 6. d4 dxe5 7. dxe5 Nc6 8.
Bf4 g5 9. Bd2 Bg7 10. Nc3 Bxe5 11. Nd5 Qd6 12. Bxg5 f5 13. Qf3 Bxb2 14. Rd1 Qe6+
15. Be2 Be5 16. O-O O-O 17. Bc4 Kh8 18. Rfe1 Qg6 19. Bf4 Qg7 20. Qe3 Re8 21. Bh6
Qf7 22. Bf4 Qg7 23. Bh6 Qf7 24. Nb6 Qh5 25. Bf4 axb6 26. Rd8 Ra5 27. Qf3 Qg6 28.
Rxe8+ Qxe8 29. Qg3 Bd7 30. Bg5 Qg6 31. Rxe5 Rxe5 32. Bf6+ 1-0

[Event "Reykjavik Open 2024"]
[Site "Reykjavik ISL"]
[Date "2024.03.20"]
[Round "8.17"]
[White "Moksh, Amit Doshi"]
[Black "Larkin, Vladyslav"]
[Result "0-1"]
[WhiteTitle "IM"]
[BlackTitle "IM"]
[WhiteElo "2353"]
[BlackElo "2450"]
[WhiteFideId "25064967"]
[BlackFideId "14152894"]
[EventDate "2024.03.15"]

1. d4 d6 2. Nf3 Bg4 3. c4 Nf6 4. Nc3 g6 5. g3 Bxf3 6. exf3 c6 7. d5 Bg7 8. Bh3
O-O 9. O-O Nbd7 10. Be3 Nb6 11. Qd3 Nfd7 12. f4 Nc5 13. Qe2 Bxc3 14. bxc3 cxd5
15. cxd5 Nxd5 16. Bd4 Qc7 17. Rfe1 Rae8 18. Rad1 Nf6 19. f5 Kg7 20. Qd2 h6 21.
f4 Kh7 22. Qc2 e5 23. fxe6 fxe6 24. Bxc5 Qxc5+ 25. Qf2 Qh5 26. Bf1 Ng4 27. Qe2
Qc5+ 28. Kg2 Nf6 29. Qb5 Qc7 30. c4 e5 31. fxe5 dxe5 32. c5 Re7 33. Bc4 Rc8 34.
Rc1 Kg7 35. Bb3 h5 36. Qb4 Rd8 37. Rcd1 Qc6+ 38. Kg1 Rxd1 39. Rxd1 Rc7 40. Rc1
b6 41. Rc2 bxc5 42. Qc3 Qe4 43. Qa5 Rd7 44. Rxc5 Qe3+ 45. Kh1 Rd2 0-1

[Event "Reykjavik Open 2024"]
[Site "Reykjavik ISL"]
[Date "2024.03.20"]
[Round "8.18"]
[White "Wadsworth, Matthew J"]
[Black "Risting, Eivind Olav"]
[Result "1-0"]
[WhiteTitle "IM"]
[BlackTitle "FM"]
[WhiteElo "2450"]
[BlackElo "2336"]
[WhiteFideId "415804"]
[BlackFideId "1517333"]
[EventDate "2024.03.15"]

1. d4 Nf6 2. c4 e6 3. Nf3 d5 4. Nc3 a6 5. c5 b6 6. cxb6 cxb6 7. Bf4 Bb7 8. e3
Nbd7 9. h3 Be7 10. Bd3 b5 11. a4 b4 12. Na2 O-O 13. Nc1 a5 14. O-O Qb6 15. Nb3
Rfc8 16. Qe2 Ne4 17. Ne5 Nxe5 18. Bxe5 f6 19. Bf4 Bf8 20. f3 Nd6 21. Nc5 Nf7 22.
Nd7 Qd8 23. Nxf8 Qxf8 24. Rac1 Qe8 25. b3 e5 26. dxe5 fxe5 27. Bh2 Qe6 28. Qb2
Qb6 29. Kf2 d4 30. Rxc8+ Rxc8 31. Re1 dxe3+ 32. Kg1 Rc3 33. Bc4 e2+ 34. Kh1 Rxf3
35. Qxe2 Rf2 36. Qg4 Bxg2+ 37. Qxg2 Rxg2 38. Kxg2 Qg6+ 39. Bg3 h5 40. Rf1 Kh7
41. Bxf7 Qe4+ 42. Rf3 Qe2+ 43. Bf2 Kh6 44. Re3 Qb2 45. Bc4 g5 46. Re2 Qc3 47.
Bg3 g4 48. hxg4 hxg4 49. Rxe5 Kg6 50. Rxa5 Qc2+ 51. Bf2 Qe4+ 52. Kg1 Qb1+ 53.
Kh2 Qc2 54. Kg3 Qe4 55. Bd5 Qd3+ 56. Kxg4 Qf5+ 57. Kg3 Qg5+ 58. Kf3 Qf6+ 59. Kg2
Qg5+ 60. Bg3 Qd2+ 61. Kh3 Qh6+ 62. Kg4 Qh5+ 63. Kf4 Qf5+ 64. Ke3 Qg5+ 65. Bf4
Qg1+ 66. Ke4 Qe1+ 67. Be3 Qb1+ 68. Ke5 Qf5+ 69. Kd4 Qf6+ 70. Kd3 Qc3+ 71. Ke2
Qb2+ 72. Bd2 Qe5+ 73. Kd3 Qg3+ 74. Be3 Qd6 75. Rb5 Kf5 76. a5 Kg4 77. Bd4 1-0

[Event "Reykjavik Open 2024"]
[Site "Reykjavik ISL"]
[Date "2024.03.20"]
[Round "8.19"]
[White "Cieslak, Patryk"]
[Black "Mammadzada, Gunay"]
[Result "1-0"]
[WhiteTitle "FM"]
[BlackTitle "IM"]
[WhiteElo "2325"]
[BlackElo "2449"]
[WhiteFideId "21078882"]
[BlackFideId "13403729"]
[EventDate "2024.03.15"]

1. e4 e5 2. Nf3 Nc6 3. Bc4 Nf6 4. d3 Bc5 5. c3 d6 6. O-O O-O 7. h3 h6 8. Re1 a5
9. a4 Ba7 10. Na3 Ne7 11. Bb3 c6 12. d4 exd4 13. cxd4 d5 14. e5 Ne4 15. Nb1 Ng6
16. Nc3 Bf5 17. Bc2 Nxc3 18. bxc3 Qd7 19. Ba3 Rfe8 20. Bxf5 Qxf5 21. Qb1 Qd7 22.
e6 Rxe6 23. Rxe6 Qxe6 24. Qxb7 Qc8 25. Rb1 Nf4 26. Kf1 f6 27. Bd6 Ne6 28. Qxc8+
Rxc8 29. Rb7 Ra8 30. Re7 Nd8 31. Re8+ Kf7 32. Rf8+ Ke6 33. Bc7 Ke7 34. Rg8 Rc8
35. Bxa5 Bb8 36. Nh4 Bc7 37. Rxg7+ Nf7 38. Nf5+ Ke6 39. Bxc7 1-0

[Event "Reykjavik Open 2024"]
[Site "Reykjavik ISL"]
[Date "2024.03.20"]
[Round "8.20"]
[White "Chasin, Nico"]
[Black "Soderstrom, Adrian"]
[Result "1-0"]
[WhiteTitle "IM"]
[BlackTitle "FM"]
[WhiteElo "2447"]
[BlackElo "2288"]
[WhiteFideId "30908477"]
[BlackFideId "1745786"]
[EventDate "2024.03.15"]

1. c4 e6 2. Nc3 d5 3. d4 Be7 4. cxd5 exd5 5. Bf4 c6 6. e3 Bf5 7. Nge2 Nd7 8. h4
Qb6 9. Qd2 Ngf6 10. Ng3 Ne4 11. Ncxe4 Bxe4 12. a3 h6 13. Nxe4 dxe4 14. Bc4 Nf6
15. Be5 O-O 16. f3 Nd7 17. Bf4 exf3 18. gxf3 c5 19. O-O-O cxd4 20. Qxd4 Bf6 21.
Qxb6 Nxb6 22. Bb3 Rfc8+ 23. Kb1 Rc5 24. Rhg1 Rb5 25. Ka2 a5 26. a4 Nxa4 27. Rd6
Nc5 28. Rxf6 Nxb3 29. Bxh6 g6 30. Rd1 a4 31. e4 Nc5 32. Rd5 b6 33. h5 a3 34.
bxa3 Rb3 35. Bc1 Rc3 36. Bb2 Rc2 37. Kb1 Rg2 38. hxg6 fxg6 39. Rdd6 Kh7 40. Rf7+
Kg8 41. Rg7+ Kf8 42. Rdxg6 Rxg6 43. Rxg6 Nd7 44. Rg7 Nc5 45. Rc7 Ra4 46. Rc6 Nd7
47. Kc2 Ke7 48. Bc3 Kd8 49. Bb4 Ne5 50. Rf6 Kd7 51. f4 Nc6 52. Kc3 1-0

[Event "Reykjavik Open 2024"]
[Site "Reykjavik ISL"]
[Date "2024.03.20"]
[Round "8.21"]
[White "Papadiamandis, Elliot"]
[Black "Nevednichy, Vladislav"]
[Result "1/2-1/2"]
[WhiteTitle "IM"]
[BlackTitle "GM"]
[WhiteElo "2302"]
[BlackElo "2445"]
[WhiteFideId "36074160"]
[BlackFideId "1205730"]
[EventDate "2024.03.15"]

1. e4 c5 2. Nc3 d6 3. d4 cxd4 4. Qxd4 Nc6 5. Qd2 g6 6. b3 Bh6 7. f4 f5 8. Bd3
Nf6 9. Bb2 Qa5 10. Nge2 fxe4 11. Nxe4 Qxd2+ 12. Nxd2 Rf8 13. O-O Nd5 14. g3 Ndb4
15. Be4 d5 16. a3 dxe4 17. axb4 Nxb4 18. Nxe4 Nxc2 19. Rac1 Bf5 20. Nf2 Ne3 21.
Rfe1 g5 22. fxg5 Bxg5 23. Nd4 Rd8 24. Rc5 Rxd4 25. Bxd4 Nc2 26. Bg7 Rf7 27. Ree5
Nd4 28. Red5 Rxg7 29. Rxd4 Be3 30. Rdc4 Be6 31. Rc2 Bxc5 32. Rxc5 Rg6 33. Nd3
Rf6 34. Rc7 Rf3 35. Nf4 Bxb3 36. Rxb7 a5 37. Ne2 Rd3 38. Kf2 a4 39. Nc1 Rc3 40.
Nxb3 Rxb3 41. Ra7 a3 42. Kg2 Rb2+ 43. Kf3 Ra2 44. h4 h5 45. Kf4 Ra1 46. Kg5 a2
47. Kxh5 e5 48. Kg6 e4 49. h5 e3 50. Ra3 Kd7 51. Rd3+ Kc6 52. Rxe3 Rg1 53. Re6+
Kb5 54. Re5+ Kb4 55. Re4+ Kb3 56. Re3+ Kb4 57. Re4+ 1/2-1/2

[Event "Reykjavik Open 2024"]
[Site "Reykjavik ISL"]
[Date "2024.03.20"]
[Round "8.22"]
[White "Injac, Teodora"]
[Black "Pourkashiyan, Atousa"]
[Result "1/2-1/2"]
[WhiteTitle "IM"]
[BlackTitle "WGM"]
[WhiteElo "2434"]
[BlackElo "2270"]
[WhiteFideId "932400"]
[BlackFideId "12502014"]
[EventDate "2024.03.15"]

1. d4 Nf6 2. Nf3 e6 3. Bf4 d5 4. e3 Bd6 5. Ne5 O-O 6. Nd2 c5 7. c3 Nc6 8. Bd3
Qc7 9. Ndf3 b6 10. Nxc6 Qxc6 11. Ne5 Qc7 12. Qf3 Nd7 13. Qg3 f5 14. Nf3 Bxf4 15.
Qxf4 Qc6 16. O-O a5 17. c4 dxc4 18. Bxc4 b5 19. Be2 Bb7 20. Rac1 Rac8 21. b3 Qb6
22. h4 Bd5 23. Rfd1 c4 24. bxc4 bxc4 25. Rc2 c3 26. Rdc1 Nf6 27. Bd3 Be4 28.
Bxe4 Nxe4 29. Ng5 Nf6 30. Qe5 Rfe8 31. g3 h6 32. Nh3 Qb4 33. Qf4 Qb7 34. Qe5 Qb4
35. Qf4 Qb7 36. Qe5 Qb4 37. Qf4 1/2-1/2

[Event "Reykjavik Open 2024"]
[Site "Reykjavik ISL"]
[Date "2024.03.20"]
[Round "8.23"]
[White "Manish Anto, Cristiano F"]
[Black "Salimova, Nurgyul"]
[Result "0-1"]
[WhiteTitle "IM"]
[BlackTitle "IM"]
[WhiteElo "2286"]
[BlackElo "2426"]
[WhiteFideId "25095927"]
[BlackFideId "2915138"]
[EventDate "2024.03.15"]

1. d4 Nf6 2. c4 e6 3. Nf3 d5 4. Nc3 Be7 5. Bf4 O-O 6. e3 b6 7. Bd3 Ba6 8. cxd5
Nxd5 9. Nxd5 Qxd5 10. Bxc7 Qa5+ 11. Ke2 Bxd3+ 12. Qxd3 Na6 13. Rhc1 Rac8 14. Bg3
Nb4 15. Qb3 Qb5+ 16. Kd2 a5 17. a4 Qa6 18. Ne5 h5 19. h4 Bd6 20. Nd7 Bxg3 21.
Nxf8 Rxf8 22. fxg3 Qb7 23. Rg1 Qb8 24. Qd1 e5 25. Qxh5 exd4 26. e4 Qxg3 27. Qf3
Qg6 28. Rac1 Qh6+ 29. Kd1 d3 30. Rc3 Qe6 31. b3 Rc8 32. Rxc8+ Qxc8 33. Ke1 Qc2
34. Qd1 Qc5 35. Kf1 Qd4 36. Qg4 g6 37. g3 Nc2 38. Qc8+ Kg7 39. Kg2 Ne3+ 40. Kf3
d2 41. h5 d1=Q+ 42. Rxd1 Nxd1 43. hxg6 Qf2+ 44. Kg4 Ne3+ 45. Kh3 Qg2+ 46. Kh4
Qh1+ 0-1

[Event "Reykjavik Open 2024"]
[Site "Reykjavik ISL"]
[Date "2024.03.20"]
[Round "8.24"]
[White "Fantinel, Thibault"]
[Black "Large, Peter G"]
[Result "1/2-1/2"]
[WhiteTitle "IM"]
[BlackTitle "IM"]
[WhiteElo "2421"]
[BlackElo "2262"]
[WhiteFideId "663395"]
[BlackFideId "400866"]
[EventDate "2024.03.15"]

1. e4 Nc6 2. Nf3 d6 3. d4 Nf6 4. Nc3 g6 5. d5 Nb8 6. Be2 Bg7 7. O-O O-O 8. Be3
e5 9. dxe6 Bxe6 10. Qd2 Nc6 11. Rad1 Ng4 12. Bg5 f6 13. Bf4 Qd7 14. Rfe1 Qf7 15.
Nd5 g5 16. Bg3 h6 17. h3 Nge5 18. Ne3 f5 19. Nxe5 Nxe5 20. exf5 Bxf5 21. Bxe5
dxe5 22. Bc4 Be6 23. Bxe6 Qxe6 24. Qd7 Qxa2 25. Nd5 Rf7 26. Qe6 Qa6 27. Ne7+ Kf8
28. Ng6+ Kg8 29. Ne7+ Kf8 30. Ng6+ Kg8 31. Qxa6 bxa6 32. Nxe5 Rf5 33. Nc4 Rf4
34. b3 Bd4 35. Re2 Raf8 36. Rdd2 c5 37. Ne5 Bc3 38. Ng6 Bxd2 39. Rxd2 c4 40.
Nxf8 Kxf8 41. Rd6 cxb3 42. cxb3 Kg7 43. Rxa6 Rf7 44. Kh2 Rb7 45. h4 Rxb3 46.
Rxa7+ Kg6 47. Ra6+ Kg7 48. h5 Rc3 49. g3 Rc4 50. Kh3 Rb4 51. f3 Rc4 52. Rg6+ Kh7
53. Re6 Kg7 54. Re7+ Kg8 55. Re4 Rc5 56. Kg4 Kf7 57. Rb4 Ra5 58. Rb7+ Kg8 59.
Re7 Rb5 60. f4 gxf4 61. gxf4 Rb1 62. Kf5 Kf8 63. Kf6 Rf1 64. Re4 Rh1 65. Ra4 Kg8
66. Ra8+ Kh7 67. Ra7+ Kg8 68. Kg6 Rg1+ 69. Kxh6 Kf8 70. f5 Rg2 71. Ra6 Kf7 72.
Rg6 Rh2 73. Kg5 Rg2+ 74. Kf4 Rh2 75. h6 Rh1 76. Rb6 Rf1+ 77. Ke5 Re1+ 78. Kd4
Rd1+ 79. Ke3 Re1+ 80. Kd3 Rd1+ 81. Ke3 Re1+ 82. Kd2 Rf1 83. h7 Rh1 84. Ke3 Rxh7
85. Rb7+ Kg8 86. Rb8+ Kf7 87. Rb7+ Kg8 88. Rxh7 Kxh7 89. Kf4 Kg7 90. Ke5 Kf7 91.
f6 Kf8 92. Ke6 Ke8 93. f7+ Kf8 94. Kf6 1/2-1/2

[Event "Reykjavik Open 2024"]
[Site "Reykjavik ISL"]
[Date "2024.03.20"]
[Round "8.25"]
[White "Katz, Alexander"]
[Black "Li, Harry"]
[Result "1-0"]
[WhiteTitle "IM"]
[WhiteElo "2418"]
[BlackElo "2107"]
[WhiteFideId "2039796"]
[BlackFideId "430145"]
[EventDate "2024.03.15"]

1. e4 e5 2. Nf3 Nc6 3. Bb5 a6 4. Ba4 Nf6 5. O-O Be7 6. Re1 b5 7. Bb3 O-O 8. h3
Bb7 9. c3 d5 10. exd5 Nxd5 11. d4 exd4 12. cxd4 Nf6 13. a3 h6 14. Nc3 Bd6 15.
Ne5 Ne7 16. Bf4 Ned5 17. Bg3 Nxc3 18. bxc3 c5 19. Bh4 c4 20. Bc2 Be7 21. Ng4 Nd5
22. Nxh6+ gxh6 23. Rxe7 Nxe7 24. Qg4+ 1-0

[Event "Reykjavik Open 2024"]
[Site "Reykjavik ISL"]
[Date "2024.03.20"]
[Round "8.26"]
[White "Krzyzanowski, Marcin"]
[Black "Bjarnason, Snorri Vikanes"]
[Result "1-0"]
[WhiteTitle "GM"]
[WhiteElo "2524"]
[BlackElo "1875"]
[WhiteFideId "1132199"]
[BlackFideId "1539833"]
[EventDate "2024.03.15"]

1. e4 c5 2. Nf3 d6 3. d4 cxd4 4. Nxd4 Nf6 5. Nc3 Nc6 6. Bg5 e6 7. Qd2 Be7 8.
O-O-O a6 9. f4 Bd7 10. Nf3 Rc8 11. e5 dxe5 12. fxe5 Nd5 13. Bxe7 Ncxe7 14. Ne4
O-O 15. Nd6 Rc7 16. Bd3 Ng6 17. Kb1 Bc6 18. Bxg6 hxg6 19. h4 Ne7 20. Nd4 Nf5 21.
Nxc6 Rxc6 1-0

[Event "Reykjavik Open 2024"]
[Site "Reykjavik ISL"]
[Date "2024.03.20"]
[Round "8.27"]
[White "Eriksson, Jorgen"]
[Black "Fernandez, Daniel Howard"]
[Result "0-1"]
[BlackTitle "GM"]
[WhiteElo "2154"]
[BlackElo "2532"]
[WhiteFideId "1701967"]
[BlackFideId "5801605"]
[EventDate "2024.03.15"]

1. d4 Nf6 2. Nf3 e6 3. Bg5 c5 4. c3 Qb6 5. Qb3 d5 6. e3 Be7 7. Nbd2 O-O 8. Be2
Bd7 9. O-O Rc8 10. Ne5 Be8 11. dxc5 Bxc5 12. Qxb6 Bxb6 13. a4 Bc7 14. Bf4 a5 15.
Nd3 Nbd7 16. Bxc7 Rxc7 17. f4 Nb6 18. Bd1 Ne4 19. Nxe4 dxe4 20. Nf2 Nc4 21. Nxe4
Bc6 22. Ng3 Nxe3 23. Rf2 Nxd1 24. Rxd1 Bxa4 25. Rd4 Bb3 26. Rfd2 Kf8 27. Ne4 Bd5
28. Nd6 Ra6 29. Nb5 Rc5 30. Na3 Rb6 31. f5 Rb3 32. c4 Bc6 33. fxe6 fxe6 34. Rf4+
Rf5 35. Rxf5+ exf5 36. Kf2 g5 37. c5 h5 38. Rc2 Be4 39. Rd2 h4 40. Nc4 Rb5 41.
Nd6 Rxc5 42. Nxe4 fxe4 43. Ke3 Ke7 44. Kxe4 Ke6 45. Kf3 Rc4 46. h3 b5 47. Rd3 b4
48. Rd8 a4 49. Ra8 b3 50. Ra5 Kf6 51. Ke3 Rc2 52. Kf3 Rxb2 53. Rxa4 Rc2 54. Rb4
b2 55. g3 Rc3+ 56. Kg2 Rc2+ 57. Kf3 Ke5 58. gxh4 gxh4 59. Rb8 Kd4 60. Kg4 Rc4
61. Rxb2 Kc3+ 0-1

[Event "Reykjavik Open 2024"]
[Site "Reykjavik ISL"]
[Date "2024.03.20"]
[Round "8.28"]
[White "Klimkowski, Jan"]
[Black "Karamsetty, Jeevan"]
[Result "0-1"]
[WhiteTitle "IM"]
[BlackTitle "FM"]
[WhiteElo "2532"]
[BlackElo "2187"]
[WhiteFideId "21856222"]
[BlackFideId "2025337"]
[EventDate "2024.03.15"]

1. e4 d6 2. d4 g6 3. Nf3 Nf6 4. Nc3 Bg7 5. Be2 O-O 6. O-O a6 7. a4 Nc6 8. a5 e5
9. d5 Ne7 10. Nd2 Ne8 11. Na4 f5 12. c4 Nf6 13. f3 Bh6 14. Ra3 Nh5 15. g3 Nf6
16. Qc2 fxe4 17. fxe4 Bh3 18. Re1 b5 19. axb6 cxb6 20. Nf3 Bxc1 21. Qxc1 b5 22.
cxb5 axb5 23. Bxb5 Ng4 24. Bf1 Rxa4 25. Bxh3 Rxa3 26. bxa3 Qb6+ 27. Kh1 Nf2+ 28.
Kg2 Nd3 29. Qd2 Nxe1+ 30. Nxe1 Kg7 31. Nf3 h6 32. Bg4 Ra8 33. Qc1 Ra4 34. Nd2
Qe3 35. Kh3 Ra7 36. Be6 h5 37. Qd1 g5 38. Qxh5 Ng6 39. Nf3 Ra8 40. Qg4 Qe2 0-1

[Event "Reykjavik Open 2024"]
[Site "Reykjavik ISL"]
[Date "2024.03.20"]
[Round "8.29"]
[White "Stefansson, Vignir Vatnar"]
[Black "Ornolfsson, Magnus P."]
[Result "1-0"]
[WhiteTitle "GM"]
[WhiteElo "2464"]
[BlackElo "2163"]
[WhiteFideId "2308649"]
[BlackFideId "2301016"]
[EventDate "2024.03.15"]

1. d4 Nf6 2. c4 g6 3. Nc3 Bg7 4. g3 O-O 5. Bg2 d6 6. Nf3 c5 7. O-O Nc6 8. d5 Na5
9. Nd2 a6 10. a3 Ng4 11. Qc2 Ne5 12. b3 b5 13. Bb2 Rb8 14. Nd1 e6 15. f4 Ng4 16.
Bxg7 Kxg7 17. h3 Qf6 18. Rb1 Qd4+ 19. Kh1 Ne3 20. Nxe3 Qxe3 21. Rf3 Qd4 22. Rd3
Qf6 23. Ne4 Qd8 24. dxe6 bxc4 25. Rxd6 Qc7 26. Qc3+ f6 27. e7 Qxe7 28. Qxa5 Bf5
29. Rbd1 cxb3 30. Nc3 Qe3 31. g4 Bc2 32. Qc7+ Kh6 33. Rxf6 Rh8 34. Bf3 1-0

[Event "Reykjavik Open 2024"]
[Site "Reykjavik ISL"]
[Date "2024.03.20"]
[Round "8.30"]
[White "Gramb, Marius"]
[Black "Bulmaga, Irina"]
[Result "0-1"]
[BlackTitle "IM"]
[WhiteElo "2142"]
[BlackElo "2429"]
[WhiteFideId "24656593"]
[BlackFideId "13903063"]
[EventDate "2024.03.15"]

1. e4 e5 2. Nf3 Nc6 3. Nc3 Nf6 4. d4 exd4 5. Nxd4 Bb4 6. Nxc6 bxc6 7. Bd3 d5 8.
exd5 Qe7+ 9. Qe2 Qxe2+ 10. Kxe2 cxd5 11. Bg5 c6 12. Na4 O-O 13. f3 Bd6 14. Be3
Nd7 15. Bf5 Re8 16. Kf2 g6 17. Bxd7 Bxd7 18. Bc5 Be5 19. c3 h5 20. Bd4 Bd6 21.
b4 Bf5 22. g3 a5 23. a3 f6 24. Nc5 Kf7 25. Nb3 Bd3 26. Rhe1 Rxe1 27. Rxe1 axb4
28. axb4 Ra2+ 29. Ke3 Bb5 30. Nd2 Be5 31. Rb1 g5 32. f4 Bxd4+ 33. cxd4 gxf4+ 34.
gxf4 Ke6 35. Rb3 Kf5 36. Rb1 Ba4 37. Rf1 Ra3+ 38. Kf2 Bb5 39. Re1 Rd3 40. Nf3
Kxf4 41. Nh4 Rd2+ 42. Kg1 Rxd4 0-1

[Event "Reykjavik Open 2024"]
[Site "Reykjavik ISL"]
[Date "2024.03.20"]
[Round "8.31"]
[White "Fossheim, Yngve"]
[Black "Jin, Yueheng"]
[Result "1/2-1/2"]
[WhiteElo "2090"]
[BlackElo "2404"]
[WhiteFideId "1512277"]
[BlackFideId "8616868"]
[EventDate "2024.03.15"]

1. d4 Nf6 2. c4 e6 3. Nf3 d5 4. g3 dxc4 5. Bg2 Bb4+ 6. Bd2 a5 7. O-O O-O 8. a3
Bxd2 9. Nbxd2 b5 10. b3 cxb3 11. Qxb3 c6 12. Ne5 Qxd4 13. Nxc6 Nxc6 14. Bxc6 Rb8
15. Nf3 Qb6 16. Rac1 Ba6 17. Ne5 Qd4 18. Nf3 Qb6 19. Ne5 b4 20. Bf3 bxa3 21.
Qxa3 Bb5 22. Nc6 Bxc6 23. Rxc6 Qb4 24. Ra1 e5 25. Qxa5 Qxa5 26. Rxa5 Rb1+ 27.
Kg2 e4 28. Rxf6 gxf6 29. Bxe4 Rb4 30. Bd3 Kg7 31. Rh5 h6 32. Rc5 Re8 33. Rc7 Kf8
34. Rc6 Re6 35. Rc8+ Kg7 36. Rc7 Reb6 37. Rc5 Rb7 38. Ra5 Re7 39. Rc5 Rbb7 40.
Ra5 Re5 41. Ra8 Rbe7 42. Rb8 Rc5 43. Ra8 Rd7 44. Ra4 Rg5 45. Rb4 Rgd5 46. Rg4+
Rg5 47. Rb4 Ra7 48. Rd4 Raa5 49. Rb4 Rac5 50. Ra4 Rc1 51. Rb4 Ra5 52. Rg4+ Kf8
53. Rf4 Kg7 54. Rg4+ Rg5 1/2-1/2